000 00759nam a2200265Ia 4500
003 OSt
005 20220928120809.0
006 a|||||r|||| 00| 0
007 ta
008 220927b |||||||| |||| 00| 0 eng d
020 _a0521231647
024 _a82748
037 _cTextual
040 _aSDCL
_cSDCL
_beng
041 _2eng
_aeng
082 _aAxK42, M3
100 _aMcGUIRE J E
_9451184
245 0 _aCertain philosophical questions
_b Newton's trinity notebook
260 _aLondon
_bCambridge University Press UK
_c1983
300 _axii,519p.
_ccm.
650 _aPhilosophical Questions
_9451185
700 _a TAMNY Martin
_9451186
942 _hAxK42, M3
_cTEXL
_2CC
999 _c765284
_d765284